000 00974nam a2200289Ia 4500
005 20220317001229.0
008 160825s2006 sp a g 000 0 spa
020 _a97884241112012
082 0 4 _a750.11
_bM15m
100 1 _aManning, Mick
245 1 0 _aMi primer libro de arte
_cMick Manning y Brita Granström ; traducido por María Luisa Rodríguez Pérez
250 _a1a. edición
300 _a48 páginas
_bilustraciones
_c28 cm
490 _aMi primer libro
534 _tArt school
650 1 4 _2LEMB
_aArte
_xEnseñanza elemental
650 1 4 _2LEMB
_aDibujo
_xEnseñanza elemental
650 1 4 _2LEMB
_aTrabajos manuales (Educación)
700 1 _aGranstrom, Brita
_967945
700 1 _aRodríguez Pérez, María Luisa
_958606
942 _2ddc
_cBK
264 _aLeón
_bEverest
_c2006
336 _atexto
_btxt
_2rdacontent
337 _asin mediación
_bn
_2rdamedia
338 _avolumen
_bnc
_2rdacarrier
040 _aCO-BoRNBP
_bspa
_erda
_cCO-BoRNBP
999 _c6322
_d6322